Score 0/10 Timer 06:00
0 Plays Today
Quote Person % Correct
'The only thing we have to fear is fear itself'Franklin Roosevelt
77.3%
'I have a dream'Martin Luther King Jr.
72.7%
'You play to win the game!'Herm Edwards
40.9%
'Saddle your dreams before you ride them'Tom Sawyer
18.2%
'It's better to be absolutely ridiculous than absolutely boring!'Marilyn Monroe
18.2%
'What we think, we become'The Buddha
18.2%
'Live as if you were to die tomorrow. Learn as if you were to live forever'Mahatma Gandhi
13.6%
'Well done is better than well said'Benjamin Franklin
13.6%
'The journey of a thousand miles begins with a single step'Lao Tzu
13.6%
'If can't do great things, do small things in a great way'Napoleon Hill
9.1%
Remove Ads.
Support Sporcle.
Get the best of Sporcle when you Go Orange. This ad-free experience offers more features, more stats, and more fun while also helping to support Sporcle. Thank you for becoming a member.

You're not logged in!

Compare scores with friends on all Sporcle quizzes.
OR
Log In

Show Comments

Extras

Created Jan 3, 2015ReportNominate
Tags:Famous Quiz, Quote Quiz, Person

Top Quizzes Today


Score Distribution

Your Account Isn't Verified!

In order to create a playlist on Sporcle, you need to verify the email address you used during registration. Go to your Sporcle Settings to finish the process.

Report this User

Report this user for behavior that violates our Community Guidelines.

Details: